[Event "NED-ch U16"]
[Site "Almelo"]
[Date "2021.08.01"]
[Round "1"]
[White "Van Kuijk, Vadim"]
[Black "Franke, Daniel"]
[Result "1-0"]
[WhiteElo "1722"]
[BlackElo "1554"]
[PlyCount "33"]
[EventDate "2021.08.01"]
[EventType "swiss"]
[EventRounds "7"]
[EventCountry "NED"]
[SourceTitle "EXT 2022"]
[Source "ChessBase"]
[SourceDate "2021.10.06"]
[SourceVersion "1"]
[SourceVersionDate "2021.10.06"]
[SourceQuality "1"]

1. e4 e5 2. Nc3 Nf6 3. f4 d6 4. Nf3 Nc6 5. Bc4 Bg4 6. d3 exf4 7. Bxf4 Qd7 8. h3 Bxf3 9. Qxf3 Ne5 10. Qe3 Be7 11. Bxe5 dxe5 12. Qg3 Qd4 13. Qxg7 Qe3+ 14. Ne2 Rf8 15. Rf1 Qb6 16. 0-0-0 0-0-0 17. Nc3 1-0

[Event "NED-ch U14"]
[Site "Assen"]
[Date "2018.04.29"]
[Round "1"]
[White "Boghossian, Wahe"]
[Black "Franke, Daniel"]
[Result "1-0"]
[WhiteElo "1748"]
[BlackElo "1298"]
[PlyCount "61"]
[EventDate "2018.04.29"]
[EventType "swiss"]
[EventRounds "9"]
[EventCountry "NED"]
[SourceTitle "CBM 184 Extra"]
[Source "ChessBase"]
[SourceDate "2018.06.28"]
[SourceVersion "1"]
[SourceVersionDate "2018.06.28"]
[SourceQuality "1"]

1. e4 c5 2. Nf3 Nc6 3. d4 cxd4 4. Nxd4 e5 5. Nb3 Nf6 6. Bd3 Be7 7. 0-0 0-0 8. Nc3 b6 9. Re1 Bb7 10. a3 Qc7 11. Bg5 Rad8 12. Qd2 Rfe8 13. Rad1 Rc8 14. Nb5 Qb8 15. Bf1 d6 16. Bxf6 Bxf6 17. Qxd6 Qxd6 18. Nxd6 Rb8 19. Nxe8 Rxe8 20. c3 a6 21. Rd7 Rb8 22. Bc4 Nd8 23. Rd6 b5 24. Bf1 Nc6 25. Nc5 Ba8 26. Nd7 Be7 27. Rxc6 Rd8 28. Rc7 Bd6 29. Ra7 Bc6 30. Rxa6 Bxe4 31. Rxd6 1-0